| 000 | 00593nam a2200205 4500 | ||
|---|---|---|---|
| 003 | OSt | ||
| 005 | 20240726013827.0 | ||
| 006 | a | ||
| 008 | 240726b |||||||| |||| 00| 0 eng d | ||
| 020 | _a9789712724107 | ||
| 040 |
_aDWCL-Main lib. _cOC |
||
| 082 | _aFil. 808.51 C957p 2010 | ||
| 100 | _aCruz-Tapalla, Valerie | ||
| 245 | _aPublic speaking and professional etiquette / | ||
| 260 |
_aMandaluyong City : _bAnvil Pub., Inc., _cc2010. |
||
| 300 |
_b183 pages : illustrations ; _c23 cm. |
||
| 650 | _a1. Public speaking. | ||
| 650 | _a2. Etiquette. | ||
| 942 |
_2ddc _n0 _cBK - FIL _kFil. |
||
| 999 |
_c2771 _d2771 |
||